Virtual machine. Extended Architecture. System product. CMS Primer : VM/XA SP Release 1 and Release 2
Salvato in:
| Natura: | Libro |
|---|---|
| Lingua: | inglese |
| Pubblicazione: |
B.m. :
IBM Press,
1988
|
| Edizione: | 1.ed. |
| Tags: |
Nessun Tag, puoi essere il primo ad aggiungerne!!
|
MARC
| LEADER | 00000nam a22000003a 4500 | ||
|---|---|---|---|
| 001 | stu1422 | ||
| 005 | 20201005131857.8 | ||
| 008 | 920323s1988----xxu-----------------eng-d | ||
| 040 | |a STU |b slo | ||
| 041 | 0 | |a eng | |
| 044 | |a xxu | ||
| 080 | |a 519.68 | ||
| 080 | |a 681.32.06 | ||
| 245 | |a Virtual machine. Extended Architecture. System product. CMS Primer : |b VM/XA SP Release 1 and Release 2 | ||
| 250 | |a 1.ed. | ||
| 260 | |a B.m. : |b IBM Press, |c 1988 | ||
| 300 | |a 285 s | ||
| 996 | |b E75370 |c E*75370 |l EE03 |s P |a 0 |w stu1422_0001 | ||